| 000 -ლიდერი |
| ფიქსირებული სიგრძის საკონტროლო ველი |
01893nam a2200277Ia 4500 |
| 001 - საკონტროლო ნომერი |
| საკონტროლო ველი |
23094 |
| 003 - საკონტროლო ნომრის იდენტიფიკატორი |
| საკონტროლო ველი |
GE_BSU |
| 005 - ბოლო ოპერაციის თარიღი და დრო |
| საკონტროლო ველი |
20230711174853.0 |
| 008 - ფიქსირებული სიგრძის მონაცემთა ელემენტები - ზოგადი ინფორმაცია |
| ფიქსირებული სიგრძის საკონტროლო ველი |
181216s1951||||ge |||||||||||||| ||geo|| |
| 040 ## - კატალოგიზაციის წყარო |
| Transcribing agency |
GE_BSU |
| 041 ## - ენის კოდი |
| Language code of text/sound track or separate title |
geo |
| 080 ## - უნივერსალური ათობითი კლასიფიკაციის ინდექსი |
| Universal Decimal Classification number |
821.134.2-31 |
| 100 ## - მთავარი ჩანაწერი - პიროვნების სახელი |
| Personal name |
სერვანტეს საავედრა, მიგელ დე |
| 9 (RLIN) |
12655 |
| 245 ## - ცნობა სათაურის შესახებ |
| Title |
მახვილგონიერი იდალგო დონკიხოტ ლამანჩელი. ტ. 1 / |
| Statement of responsibility, etc |
მიგელ დე სერვანტეს საავედრა ; თარგმ. ნ. ავალიშვილისა ; ნ. აგიაშვილის რედაქციით ; წინასიტყვ. და შენიშვნ. რედ. დ. სეფიაშვილი. ; წინასიტყვ. და შენიშვნ. რედ. დ. სეფიაშვილი |
| 264 ## - წარმოების, გამოცემის, დისტრიბუციის და სხვა ცნობები |
| გამოცემის, წარმოების, დისტრიბუციის... ადგილი |
თბილისი : |
| გამოცემის, წარმოების, დისტრიბუციის... სახელწოდება |
საბლიტგამი, |
| გამოცემის, წარმოების, დისტრიბუციის... თარიღი |
1951. |
| 300 ## - ფიზიკური აღწერა |
| Extent |
588 გვ. : |
| Other physical details |
ილ. [2] ფ. პორტრეტი. |
| 500 ## - ზოგადი შენიშვნა |
| General note |
გაშლილი თავფურც. სათაური ფრანგულ ენაზე |
| 500 ## - ზოგადი შენიშვნა |
| General note |
დანართი : პირველი ტომის შენიშვნები : გვ. 557-87 |
| 520 ## - SUMMARY, ETC. |
| Summary, etc |
გაშლილი თავფურც. სათაური ფრანგულ ენაზე. |
| 653 ## - INDEX TERM--UNCONTROLLED |
| Uncontrolled term |
მახვილგონიერი იდალგო დონკიხოტ ლამანჩელი ტ. 1 |
| 700 ## - ADDED ENTRY--PERSONAL NAME |
| Personal name |
ავალიშვილი, ნ. |
| Relator term |
მთარგმნელი |
| 9 (RLIN) |
5257 |
| 700 ## - ADDED ENTRY--PERSONAL NAME |
| Personal name |
აგიაშვილი, ნ. |
| Relator term |
რედაქტორი |
| 9 (RLIN) |
19252 |
| 700 ## - ADDED ENTRY--PERSONAL NAME |
| Personal name |
სეფიაშვილი, დ. |
| Relator term |
რედაქტორი |
| 9 (RLIN) |
19253 |
| 942 ## - ADDED ENTRY ELEMENTS (KOHA) |
| Koha item type |
წიგნი |
| Source of classification or shelving scheme |
|